000 01730nam a2200313 a 4500
001 BRCA_3051
005 20190320204103.0
008 220109s1781----fr-a---###---#000-0#fre-u
041 _afre
044 _afr
084 _a357
_b.L47
_c1781
100 1 _aCervantes Saavedra, Miguel de
_d1547-1616
_9213
245 1 0 _aHistoire de L´Admirable Don Quichotte de la Manche
_cMiguel de Cervantes Saavedra.
260 _aLyon
_bAmable Leroy
_c1781
300 _a6 v.
_bil.
_c18 cm.
500 _aContenido : v 1. Primera parte. advertencia del traductor. Prólogo del autor. Texto. -- v 2. Texto. -- v 3. Segunda parte. Texto. -- v 4. Texto. -- v 5. Primera parte de la continuación del Quijote por el traductor. -- v 6. Segunda parte de la continuación del Quijote por el traductor
500 _aEdición : Nouvelle edition revueé corrigée et augmentée
500 _aEsta edición es copia de la parisiense de 1771, que es uuna de tantas reproducciones de la traducción hecha por Filleau de Saint-Martin, de la novela de Cervantes, con el prólogo de éste a la primera parte, vertido al francés por Themiseul de S. Hyacinthe. Edición muy bien impresa. Las láminas son copias de Coypel. Semipiel; lomeras decoradas con dorados Lúdovik Osterc
500 _aQM280
546 _aTexto en : francés
650 1 4 _aNovela española
_yÉpoca clásica, 1500-1700
_9215
650 1 4 _aLiteratura española
_yÉpoca clásica, 1500-1700
_9216
650 1 4 _aNovela española
_ySiglo XVII
_9217
650 1 4 _aDon Quijote (Personaje ficticio)
_eNovela
_9218
700 1 _aSaint-Martin, Francois Filleau de
_d1632-1695
_eTraductor
_98371
740 0 _aEl Ingenioso Hidalgo Don Quijote de la Mancha
902 _aQFM
942 _2lcc
_cB
999 _c2787
_d2787